Los orígenes del Estado y de la civilización (Record no. 143563)

MARC details
000 -LEADER
campo de control de longitud fija 00738nam a2200205 4500
001 - NÚMERO DE CONTROL
campo de control 143563
003 - IDENTIFICADOR DE NÚMERO DE CONTROL
campo de control ES-MaACL
005 - FECHA Y HORA DE LA ÚLTIMA TRANSACCIÓN
campo de control 20230906200839.0
007 - CAMPO FIJO DE DESCRIPCIÓN FÍSICA--INFORMACIÓN GENERAL
campo de control de longitud fija t|
008 - DATOS DE LONGITUD FIJA--INFORMACIÓN GENERAL
campo de control de longitud fija 070214s1984 sp r ||||1| spa d
100 1# - ENTRADA PRINCIPAL--NOMBRE DE PERSONA
Nombre de persona Service, Elman R.
9 (RLIN) 105866
245 14 - MENCIÓN DEL TÍTULO
Título Los orígenes del Estado y de la civilización
Resto del título : el proceso de la evolución cultural /
Mención de responsabilidad, etc. Elman R. Service ; versión... de Mari-Carmen Ruiz de Elvira Hidalgo.
260 ## - PUBLICACIÓN, DISTRIBUCIÓN, ETC.
Lugar de publicación, distribución, etc. Madrid :
Nombre del editor, distribuidor, etc. Alianza,
Fecha de publicación, distribución, etc. 1984 (
Fabricante H. de E. Minuesa)
300 ## - DESCRIPCIÓN FÍSICA
Extensión 386 p. ;
Dimensiones 23 cm.
490 1# - MENCIÓN DE SERIE
Mención de serie Alianza Editorial textos
700 1# - ENTRADA AGREGADA--NOMBRE PERSONAL
Nombre de persona Ruiz de Elvira Hidalgo, María-Carmen.
9 (RLIN) 100738
830 0# - PUNTO DE ACCESO ADICIONAL DE SERIE-TÍTULO UNIFORME
Título uniforme Alianza Editorial textos
9 (RLIN) 220580
852 ## - LOCALIZACIÓN
Ubicación ES-MaACL
Número de control de estantería L-6528
Sublocalización o colección R.107184
Holdings
Estatus retirado Estado de pérdida Estado de daño No para préstamo Biblioteca de origen Biblioteca actual Ubicación en estantería Fecha de adquisición Fuente de adquisición Total de préstamos Signatura topográfica completa Código de barras Visto por última vez Precio de reemplazo Tipo de ítem Koha
        Biblioteca del Ateneo de Madrid Biblioteca del Ateneo de Madrid Depósito 2 17/01/2008     L-6528 1149364 23/02/2023 23/02/2023 Libro impreso